Statistics for Biggest Metropolitan Cities in Indonesia

Click here to take the quiz!

General Stats

  • This quiz has been taken 25 times
  • The average score is 11 of 22

Answer Stats

Population (2024)City% Correct
34,540,000Jakarta
100%
11,790,000Surabaya
95%
9,979,000Bandung
86%
4,744,000Medan
86%
2,245,000Denpasar
82%
2,969,000Makassar
64%
2,604,000Palembang
64%
6,498,000Semarang
64%
5,940,000Yogyakarta
64%
1,166,000Bandar Lampung
50%
1,162,000Batam
45%
1,493,000Malang
45%
3,648,000Surakarta
45%
1,015,000Jambi
41%
2,184,000Banjarmasin
36%
1,085,000Padang
36%
1,018,000Bogor
32%
2,571,000Cirebon
27%
1,339,000Manado
18%
1,344,000Tasikmalaya
18%
1,526,000Nusantara
5%
1,118,000Pekanburu
5%

Score Distribution

Percentile by Number Answered

Percent of People with Each Score

Your Score History

You have not taken this quiz